000 00687nam a2200253Ia 4500
003 OSt
005 20220926014520.0
006 a|||||r|||| 00| 0
007 ta
008 220923b |||||||| |||| 00| 0 eng d
020 _a0070543348
037 _cGeneral Book
040 _aRTL
_cRTL
_beng
041 _2eng
_aeng
082 _aX:514, J5;L4
100 _aRussell Frederic A, and others
245 0 _aText book of salesmanship
250 _a9
260 _aNew York
_bMcGraw-Hill
_c1974
300 _avii,552p
_ccm.
650 _aSalesmanship
_9229886
942 _hX:514, J5;L4
_cGB
_2CC
999 _c629250
_d629250